Diseño de portafolios de inversión /

Gespeichert in:
Bibliographische Detailangaben
1. Verfasser: Mejía Vázquez, Enrique Guillermo (autor)
Format: Abschlussarbeit Buch
Sprache:Spanisch
Veröffentlicht: Guadalajara, México : edición de autor, 1996
Schlagworte:
Tags: Tag hinzufügen
Keine Tags, Fügen Sie das erste Tag hinzu!

MARC

LEADER 00000nam^a2200000^a^4500
001 000047750
005 20250521000000.0
009 20260310090101.971
037 |a Acervo ITESO - Biblioteca 
041 |a ESP 
090 |a IIN. 241 
100 |a Mejía Vázquez, Enrique Guillermo  |e (autor) 
245 1 0 |a Diseño de portafolios de inversión /  |c E.G. Mejía Vázquez. 
264 1 |a Guadalajara, México :  |b edición de autor,  |c 1996 
300 |a 34 p. 
336 |a texto  |b txt  |2 rdacontenido 
337 |a sin mediación  |b n  |2 rdamedio 
338 |a volumen  |b nc  |2 rdasoporte 
502 |a ITESO Reporte Profesional de Licenciatura en Ingeniería Industrial 
649 |a XX 
650 |a Economía 
650 |a Mercado de Valores 
650 |a Inversiones 
910 |a Fondo General 
920 |a Impresos - Tesis del ITESO 
930 |a Colección General 
905 |a 104 
901 |a 0500003099  |b IT2  |c TSS  |u 20250521 
902 |a https://opac.biblio.iteso.mx/vufind/Record/000047750